| 000 | 00507cam a2200193ua 4500 | ||
|---|---|---|---|
| 001 | 1672 | ||
| 008 | 110921n ii |||gr||||Z||||||eng | ||
| 040 | _cMAIN | ||
| 082 | _a363.7 | ||
| 100 |
_aDutta, Prasanna Kr., _eAuthor. |
||
| 245 | 1 |
_aParibesh adhyayan _cby Prasanna Kr. Dutta |
|
| 250 | _a1st. | ||
| 260 |
_aJorhat: _bUnika Prakashan, _c2004. |
||
| 300 |
_a256p: _c23cm. |
||
| 653 | _aEnvironmental studies | ||
| 700 |
_aAhmed, Rafique , _eAuthor. |
||
| 700 |
_aChaliha, Sumbit, _eAuthor. |
||
| 942 | _cBK | ||
| 999 |
_c1559 _d1559 |
||